Gróf Peter Sapáry alebo do pluha zapriahnutý zemanský welikáš.

Bibliographic Details
Format: Book
Language:Undetermined
PhysicalDescription:26 s.
Published: Budapesst 1892

MARC

LEADER 00000nam a2200000 a 4500
001 vtls001333962
003 SK-MaSNL
005 20260223172836.0
008 180810s1892 xx 0 und
035 |a SNK000286892 
040 |a SNK  |b slo  |c SNK  |e AACR2 
245 1 |a Gróf Peter Sapáry alebo do pluha zapriahnutý zemanský welikáš. 
260 |a Budapesst  |c 1892 
300 |a 26 s. 
958 |a ONDV 
999 |c 632592  |d 634522 
952 |t P60, <03>, [BOOK], {603}  |a SNK  |b SNK  |y PREZ  |7 0  |p 17A0145011  |o snkSD 37369  |0 0  |1 0  |4 0  |d 1998-06-11  |l 0  |r 2005-01-02 00:00:00  |w 2026-02-23